000 00849nac a22001931u 4500
008 101027s1984 xxu||||| |||| 00| 0 ara d
082 _a297.8
_bص ب ح
100 1 _aصبحى ، أحمد محمود
_920693
245 _aالزيدية /
_cأحمد محمد صبحى
250 _aط 2
260 _aالقاهرة :
_bالزهراء للاعلام العربي ،1984
_c1984.
300 _a607 ص ؛
_c24 سم.
504 _aيشتمل على إرجاعات ببليوجرافية ص 599-603
511 _aCatalogued by: Sara
650 _aالزيدية (الشيعة)
_920702
650 _aالفرق الإسلامية
_913294
942 _cBB
_k247.7 ص ب ح
_2ddc
999 _c6789
_d6789